| Registos Bibliográficos associados ao registo de autoridade |
|
Etiqueta de registo: 00254nam 2200025 450 001 2119371 003 http://id.bnportugal.gov.pt/bib/catbnp/2119371 010 ## $a978-989-33-3672-4 021 ## $aPT$b504738/22 100 ## $a20221227d2022 m y0pory01030103ba 101 0# $apor $aeng 102 ## $aPT 105 ## $aa b 000yy 106 ## $ar 200 1# $aCamada a partir do plano de fundo$dLayer from background$fLeylâ Gediz$gtextos Övül Ö. Durmusoglu, Luísa Sol, Bartolomeu da Costa Cabral$gtrad. Sara Graça, Matthew James Scown $gfot. João Neves$zeng 210 #9 $a[S.l.$cs.n.],$d2022$g(Gráfica Maiadouro) 215 ## $a94 p.$cil.$d21 cm 305 ## $aEd. bilíngue em português e inglês 510 1# $aLayer from background$zeng 675 ## $a75Gediz, Leylâ(083.82)$vBN$zpor$31868844 675 ## $a75(=1:560)"19/20"(083.82)$vBN$zpor$31868845 675 ## $a061.4$vBN$zpor$3288771 702 #1 $aGediz,$bLeylâ$4040$31867707 702 #1 $aDurmusoglu,$bÖvül Ö.$4070$31867714 702 #1 $aSol,$bLuísa Alexandra Pimenta Ferreira$4070$31741528 702 #1 $aCabral,$bBartolomeu Costa,$f1929-$4070$31569999 702 #1 $aGraça,$bSara,$f1993-$4730$31867715 702 #1 $aScown,$bMatthew James$4730$31867716 702 #1 $aNeves,$bJoão$4600$393652 801 #0 $aPT$bBN$gRPC 856 41 $uhttp://rnod.bnportugal.gov.pt/ImagesBN/winlibimg.aspx?skey=&doc=2119371&img=173106&save=true 900 ## $aBIBNAC$d20230207 966 ## $lBN$mFGMON$sB.A. 48082 V.$x1 966 ## $lBN$mFGMON$sB.A. 48082 V.-D$x1 971 ## $corlando$d20221227 972 ## $e2$z0$d20230207$viquintas 973 ## $cmcarvalho$d20230110
Etiqueta de registo: 00254nam 2200025 450 001 2284670 003 http://id.bnportugal.gov.pt/bib/catbnp/2284670 010 ## $a978-972-769-146-3 021 ## $aPT$b556718/25 100 ## $a20260417d2025 m y0pory01030103ba 101 0# $aeng 102 ## $aPT 105 ## $aa b 000yy 106 ## $ar 200 1# $aBy the time you finish your tea... it will be (closed) dead!$fSara Graça$ged. Bruno Marchand... [et al.]$gcoord. Mário Valente$gtextos Filipa Cordeiro... [et al.]$gphot. Sara Graça... [et al.] 210 #9 $aLisboa$cCulturgest - Fundação Caixa Geral de Depósitos,$dcop. 2025 215 ## $a171, [4] p.$cil.$d30 cm 675 ## $a7.038.5Graça, Sara(083.82)$vBN$zpor$31996951 675 ## $a7.038.5(=1:469)"20"(083.82)$vBN$zpor$31278225 675 ## $a7.038.5Graça, Sara(047.53)$vBN$zpor$31996952 702 #1 $aGraça,$bSara,$f1993-$4040$31867715 702 #1 $aMarchand,$bBruno,$f1978-$4340$31293134 702 #1 $aValente,$bMário$4340$31506283 702 #1 $aCordeiro,$bFilipa,$f1988-$4070$31541882 801 #0 $aPT$bBN$gRPC 856 41 $uhttp://rnod.bnportugal.gov.pt/ImagesBN/winlibimg.aspx?skey=&doc=2284670&img=221837&save=true 900 ## $aBIBNAC$d20260519 966 ## $lBN$mFGMON$sB.A. 53743 V.$x1 966 ## $lBN$mFGMON$sB.A. 53743 V.-D$x1 971 ## $ccsilva$d20260417 972 ## $e0$z0$d20260519$vasantos 973 ## $ctrodrigues$d20260427
Etiqueta de registo: 00254nam 2200025 450 001 2284659 003 http://id.bnportugal.gov.pt/bib/catbnp/2284659 010 ## $a978-972-769-147-0 021 ## $aPT$b556746/25 100 ## $a20260417d2025 m y0pory01030103ba 101 0# $apor 102 ## $aPT 105 ## $aa b 000yy 106 ## $ar 200 1# $aQuando acabares o teu chá... já vai ter (fechado) morrido!$fSara Graça$ged. Bruno Marchand... [et al.]$gcoord. Mário Valente$gtextos Filipa Cordeiro... [et al.]$gfot. Sara Graça... [et al.] 210 #9 $aLisboa$cCulturgest - Fundação Caixa Geral de Depósitos,$dcop. 2025 215 ## $a171, [4] p.$cil.$d30 cm 675 ## $a7.038.5Graça, Sara(083.82)$vBN$zpor$31996951 675 ## $a7.038.5Graça, Sara(047.53)$vBN$zpor$31996952 675 ## $a73/75.038.5(=1:469)"20"(083.82)$vBN$zpor$31957457 702 #1 $aGraça,$bSara,$f1993-$4040$31867715 702 #1 $aMarchand,$bBruno,$f1978-$4340$31293134 702 #1 $aValente,$bMário$4340$31506283 702 #1 $aCordeiro,$bFilipa,$f1988-$4070$31541882 801 #0 $aPT$bBN$gRPC 856 41 $uhttp://rnod.bnportugal.gov.pt/ImagesBN/winlibimg.aspx?skey=&doc=2284659&img=221836&save=true 900 ## $aBIBNAC$d20260519 966 ## $lBN$mFGMON$sB.A. 53742 V.$x1 966 ## $lBN$mFGMON$sB.A. 53742 V.-D$x1 971 ## $ccsilva$d20260417 972 ## $e0$z0$d20260519$vasantos 973 ## $ctrodrigues$d20260427
|
|
|